1000 makers of the millennium : men and women who have shaped the last 1000 years

Bibliographic Details
Format: Book
Published: London : Dorling Kindersley Ltd. , 1999
Subjects:

MARC

LEADER 00000cam a2200000 7i4500
001 0000040607
005 20080908.0
020 |a 0751356646 
090 0 0 |a 920   |b ONE 
245 1 0 |a 1000 makers of the millennium :   |b men and women who have shaped the last 1000 years 
260 |a London :   |b Dorling Kindersley Ltd. ,   |c 1999 
300 |a 272p. :   |b ill. ;   |c 29cm. 
650 0 0 |a Pioneers   |x Biography 
999 |a 00094848   |b BUKU   |c RUJUKAN   |e PERPUSTAKAAN KOMUNITI PETALING JAYA